Slabikář průmyslového organisování a vedení závodů, jejich zásady a praxe. Část 2 /

Hlavní autor: Cornell, William B.
Další autoři: Tilsch, Emanuel, 1906-1990
Jazyk: Čeština
Vydáno: Dvůr Králové : Jos. Sochor, 1928
Fyzický popis: s. 55-116
Knihy
Uloženo v:
LEADER 00705nam a2200193 a 4500
001 000631455
003 CZ BrMZK
005 20030304151218.0
007 ta
008 021018s1928 xr f cze d
040 |a BOA001  |b cze  |c BOA001 
100 1 |a Cornell, William B.  |4 aut 
245 1 0 |a Slabikář průmyslového organisování a vedení závodů, jejich zásady a praxe.  |n Část 2 /  |c William B. Cornell ; přeložil Em. Tilsch 
260 |a Dvůr Králové :  |b Jos. Sochor,  |c 1928 
300 |a s. 55-116 
700 1 |a Tilsch, Emanuel,  |d 1906-1990  |7 jk01132479  |4 trl 
910 |a BOA001  |b 4-0351.676,2 
990 |a BK 
996 6 |b BC-58012  |c 4-0351.676,2  |l MZK  |r Sklad / do 24 hodin  |n 0  |w 000631455  |u 000010  |a 1  |e BOA001  |j MZK50  |s P